| 000 -LEADER |
| fixed length control field |
00861nam a22002415i 4500 |
| 001 - CONTROL NUMBER |
| control field |
20490149 |
| 005 - DATE AND TIME OF LATEST TRANSACTION |
| control field |
20221105201702.0 |
| 008 - FIXED-LENGTH DATA ELEMENTS--GENERAL INFORMATION |
| fixed length control field |
180509s2019 pau 000 0 eng |
| 020 ## - INTERNATIONAL STANDARD BOOK NUMBER |
| International Standard Book Number |
9780323523004 1 |
| 041 ## - LANGUAGE CODE |
| Language code of text/sound track or separate title |
eng |
| 080 ## - UNIVERSAL DECIMAL CLASSIFICATION NUMBER |
| Universal Decimal Classification number |
616.314.17 N-52 |
| 100 1# - MAIN ENTRY--PERSONAL NAME |
| Personal name |
Newman, Michael G. |
| 9 (RLIN) |
8735 |
| 245 10 - TITLE STATEMENT |
| Title |
Newman and carranza's clinical periodontology / |
| Statement of responsibility, etc. |
Michael G. Newman, Henry H. Takei, Perry R. Klokkevold. |
| 250 ## - EDITION STATEMENT |
| Edition statement |
13th edition. |
| 264 #1 - PRODUCTION, PUBLICATION, DISTRIBUTION, MANUFACTURE, AND COPYRIGHT NOTICE |
| Place of production, publication, distribution, manufacture |
Philadelphia, PA : |
| Name of producer, publisher, distributor, manufacturer |
Elsevier, Inc, |
| Date of production, publication, distribution, manufacture, or copyright notice |
2019. |
| 300 ## - PHYSICAL DESCRIPTION |
| Extent |
913 pages; |
| Other physical details |
28 cm. |
| 653 ## - INDEX TERM--UNCONTROLLED |
| keyword |
კლინიკური პერიოდონტოლოგია |
| 653 ## - INDEX TERM--UNCONTROLLED |
| keyword |
სტომატოლოგია |
| 653 ## - INDEX TERM--UNCONTROLLED |
| keyword |
მედიცინა |
| 700 ## - ADDED ENTRY--PERSONAL NAME |
| Personal name |
Takei, Henry H. |
| Relator term |
ავტორი |
| 9 (RLIN) |
8736 |
| 700 ## - ADDED ENTRY--PERSONAL NAME |
| Personal name |
Klokkevold, Perry R. |
| Relator term |
ავტორი |
| 9 (RLIN) |
8737 |
| 942 ## - ADDED ENTRY ELEMENTS (KOHA) |
| Source of classification or shelving scheme |
|
| Koha item type |
წიგნი |